Bigger boys and stolen sweethearts - all lyrics - Arctic monkeys - Statistics

General Stats
  • This quiz has been taken 25 times
  • The average score is 258 of 320
Answer Stats
Answer % Correct
a
100%
always
100%
and
100%
he
100%
her
100%
he's
100%
me
100%
more
100%
of
100%
somebody
100%
taller
100%
the
100%
there
100%
There's
100%
there's
100%
to
100%
wit
100%
you
100%
bigger
95%
boys
95%
fit
95%
go
95%
i
95%
I
95%
in
95%
no
95%
oh
95%
she
95%
stolen
95%
sweethearts
95%
with
95%
anyway
90%
but
90%
can
90%
friends
90%
intention
90%
kick
90%
know
90%
she's
90%
then
90%
they
90%
think
90%
was
90%
wedding
90%
when
90%
bet
85%
better
85%
bird
85%
don't
85%
dont
85%
engaged
85%
have
85%
head
85%
off
85%
on
85%
pinched
85%
sad
85%
said
85%
see
85%
though
85%
up
85%
were
85%
without
85%
your
85%
you're
85%
youre
85%
enthrall
80%
just
80%
probably
80%
wasn't
80%
wasnt
80%
at
75%
got
75%
his
75%
nice
75%
not
75%
only
75%
school
75%
that
75%
far
70%
from
70%
it
70%
measure
70%
most
70%
pretty
70%
they've
70%
fucking
65%
looking
65%
never
65%
thought
65%
what
65%
yeah
65%
you'd
65%
assume
60%
can't
60%
equipped
60%
for
60%
he'd
60%
made
60%
prayer
60%
rarely
60%
car
55%
did
55%
different
55%
gone
55%
likes
55%
room
55%
three
55%
twenty
55%
twice
55%
wishing
55%
english
50%
funny
50%
past
50%
'round
50%
science
50%
shops
50%
that's
50%
all
45%
gate
45%
if
45%
it's
45%
my
45%
now
45%
similar
45%
stuff
45%
ways
45%
girls
40%
grown
40%
I'm
40%
im
40%
pretending
40%
been
35%
carry
35%
clear
35%
picks
35%
still
35%
very
35%
doing
30%
sure
30%
went
30%
heard
20%
wagged
20%
infront
15%
they're
10%
through
5%
No matching quizzes found
Score Distribution
Percent of People with Each Score
Percentile by Number Answered
Your Score History
You have not taken this quiz